Biochemistry of foods / (Record no. 176963)
[ view plain ]
| 000 -CABECERA | |
|---|---|
| campo de control de longitud fija | 00967nam a2200325Ia 4500 |
| 001 - NÚMERO DE CONTROL | |
| campo de control | dia_2619 |
| 003 - IDENTIFICADOR DEL NÚMERO DE CONTROL | |
| campo de control | CHAP |
| 005 - FECHA Y HORA DE LA ÚLTIMA TRANSACCIÓN | |
| campo de control | 20251023152438.0 |
| 008 - DATOS DE LONGITUD FIJA--INFORMACIÓN GENERAL | |
| campo de control de longitud fija | 220117s2013 xx 000 0 und d |
| 010 ## - NÚMERO DE CONTROL DE LA BIBLIOTECA DEL CONGRESO | |
| Número de control de LC | 176963 |
| 020 ## - NÚMERO INTERNACIONAL ESTÁNDAR DEL LIBRO | |
| Número Internacional Estándar del Libro | 978-0-12-242352-9 |
| 040 ## - FUENTE DE LA CATALOGACIÓN | |
| Centro/agencia transcriptor | CHAP |
| 082 ## - NÚMERO DE LA CLASIFICACIÓN DECIMAL DEWEY | |
| Número de clasificación | 664 E85 2013 |
| 245 ## - MENCIÓN DE TÍTULO | |
| Título | Biochemistry of foods / |
| Mención de responsabilidad, etc. | edición N.A. Michael Eskin y Fereidoon Shahidi |
| 250 ## - MENCIÓN DE EDICIÓN | |
| Mención de edición | 3a ed. |
| 260 ## - PUBLICACIÓN, DISTRIBUCIÓN, ETC. | |
| Lugar de publicación, distribución, etc. | Estados Unidos de América : |
| Nombre del editor, distribuidor, etc. | Academic Press, |
| Fecha de publicación, distribución, etc. | 2013 |
| 300 ## - DESCRIPCIÓN FÍSICA | |
| Extensión | xvii, 565 p. |
| 504 ## - NOTA DE BIBLIOGRAFÍA, ETC. | |
| Nota de bibliografía, etc. | Incluye bibliografías |
| 590 ## - NOTA LOCAL (RLIN) | |
| Nota local | TX531 E85 2013 |
| 650 ## - PUNTO DE ACCESO ADICIONAL DE MATERIA--TÉRMINO DE MATERIA | |
| Término de materia o nombre geográfico como elemento de entrada | Biochemistry |
| 9 (RLIN) | 150448 |
| 650 ## - PUNTO DE ACCESO ADICIONAL DE MATERIA--TÉRMINO DE MATERIA | |
| Término de materia o nombre geográfico como elemento de entrada | Bioquímica |
| 9 (RLIN) | 12849 |
| 650 ## - PUNTO DE ACCESO ADICIONAL DE MATERIA--TÉRMINO DE MATERIA | |
| Término de materia o nombre geográfico como elemento de entrada | Foods |
| 9 (RLIN) | 156172 |
| 650 ## - PUNTO DE ACCESO ADICIONAL DE MATERIA--TÉRMINO DE MATERIA | |
| Término de materia o nombre geográfico como elemento de entrada | Foods |
| 9 (RLIN) | 156172 |
| 700 ## - PUNTO DE ACCESO ADICIONAL--NOMBRE DE PERSONA | |
| Nombre de persona | Eskin, N. A. M. (Neason Akivah Michael), ed. |
| 9 (RLIN) | 159807 |
| 700 ## - PUNTO DE ACCESO ADICIONAL--NOMBRE DE PERSONA | |
| Nombre de persona | Shahidi, Fereidoon |
| 9 (RLIN) | 159808 |
| 901 ## - ELEMENTOS DE DATOS A LOCAL LDA (RLIN) | |
| a | 664 E85 2013 |
| 902 ## - ELEMENTOS DE DATOS B LOCAL, LDB (RLIN) | |
| a | A |
| 905 ## - ELEMENTOS DE DATOS E LOCAL, LDE (RLIN) | |
| a | 5232272013 -usadmn8222223322eng16 |
| 942 ## - ELEMENTOS DE PUNTO DE ACCESO ADICIONAL (KOHA) | |
| Tipo de ítem Koha | Libro |
| Fuente del sistema de clasificación o colocación | Dewey Decimal Classification |
| Estado de retiro | Estado de pérdida | Fuente del sistema de clasificación o colocación | Estado dañado | No para préstamo | Código de colección | Localización permanente | Ubicación/localización actual | Ubicación en estantería | Fecha de adquisición | Información codificada de la localización en otra ubicación | Total de préstamos | Renovaciones totales | Código de barras | Fecha visto por última vez | Fecha del último préstamo | Número de copia | Precio válido a partir de | Tipo de ítem Koha |
|---|---|---|---|---|---|---|---|---|---|---|---|---|---|---|---|---|---|---|
| Dewey Decimal Classification | General | Ingenieria Agroindustrial | Ingenieria Agroindustrial | 18/01/2022 | 1 | 14 | 9 | dia_009069 | 16/02/2026 | 09/02/2026 | 2 | 18/01/2022 | Libro | |||||
| Dewey Decimal Classification | General | Ingenieria Agroindustrial | Ingenieria Agroindustrial | 18/01/2022 | 1 | 7 | dia_009068 | 04/09/2025 | 28/08/2025 | 1 | 18/01/2022 | Libro |
